000 02039cam a22004814i 4500
003 PE-LiUPU
005 20250731184554.0
008 150625s r 000 0 d
020 _a9972752704
035 _a(Sirsi) i9789972752704
040 _aPE-LiUPU
_bspa
_cPE-LiUPU
_erda
082 0 4 _a909
_bS18
_221
110 2 _aSalvat Editores
245 1 3 _aLa era de los descubrimientos europeos. Las luchas de religión.
_n13 /
_cSalvat Editores.
264 1 _aLima :
_bSalvat Editores,
_c2005.
300 _a424 :
_bilustraciones, fotos mapas diagrs ;
_c22 cm.
336 _atext
_2rdacontent
337 _aunmediated
_2rdamedia
338 _avolume
_2rdacarrier
490 0 _aHistoria Universal ;
_v13
504 _aIncluye referencias bibliográficas al final de cada artículo.
505 0 _aLos descubrimientos geográficos de los portugueses en el siglo XV y XVI. -Cristóbal Colón. Magallanes y la vuelta al mundo. -El absolutismo pontificio. Los Borgia. Savonarola. Maquiavelo. - Orígenes de la Imprenta. - La reforma. Erasmo y Lutero. -Difución del protestantismo. Zuinglio, Calvino y Knox. -Las guerras de religión. -Contrareforma, fundación de la Compañia de Jesús y concilio de Trento. -Copérnico, Kepler y Galileo.
526 _aP136
526 _aP135
526 _aP134
526 _aP133
526 _aP144
526 _aP143
526 _aP87
526 _aP35
526 _aP20
526 _aP14
526 _aP10
526 _aP06
650 0 4 _aDescubrimientos geográficos.
650 0 4 _aReforma y contrareforma.
910 _baj
_ceq-sm
_d20050829
942 _2ddc
_cBOOK
949 _a909 S18 13
_wDEWEY
_c1
_i55689
_lCCODEBUL1
_mBUL
_p6.00
_r0
_sY
_tBOOK
_u2015-06-25
_xBIBLIOTECA
_zUNKNOWN
_0COMPRA
_o.STAFF. Colección General
596 _a1
999 _a909 S18 13
_wDEWEY
_c44548
_i55689
_f2021-11-9
_g5
_lCCODEBUL1
_mBUL
_p6.00
_r0
_sY
_tBOOK
_u2015-6-25
_xEDUCACION
_zUNKNOWN
_0COMPRA
_o.STAFF. Colección General
_d44548
980 _81
_gALBERTO SANCHEZ Responsable de Automatización